00450nam a2200193Ia 4500003000400000005001700004008004100021020001400062040000700076041000800083082002100091100001700112245002400129260004100153300001500194365001400209650002100223650001200244OSt20250628105719.0210423s2004 xx 000 0 und d a415136660 cAL aeng a006.6223b CAWM aTony Cawkell aMultimedia handbook aLondonbRoutledge & Kegan Paulc2004 axv,461bPB b1295cINR aComputer Methods aGeneral